000 nam a22 7a 4500
999 _c9379
_d9379
008 180129b ||||| |||| 00| 0 eng d
100 _aKapoor. P L
_95597
245 _aSocial Science - IX
260 _aDelhi
_bJiwan Publication
_c2007